000 01379cad a22002775a 4500
001 L135450
008 061026s2007 xxk f 000 0 eng u
020 _a9781405146388
035 _a(Sirsi) u135450
050 0 4 _a694.02 $2 18
100 _aPorteous, Jack
245 _aStructural timber design to eurocode 5
_h[electronic resource]
260 _aOxford
_bBlackwell Publishing
_c2007
300 _aeBook
350 _a69.50
520 _aProvides detailed information and guidance on designing timber structures. Takes a step-by-step approach to the design of commonly used timber elements and connections using solid timber, glued laminated timber and wood based engineered products. Covers strength and stiffness properties of timber and reconstituted and engineered products. Based on common rules and rules for buildings in Eurocode 5, Part 1-1. Also covers the key requirements of Eurocode 0 and Eurocode 1. Aimed at engineers, specialist contractors and students of civil and structural engineering.
521 2 _aAdvanced
590 _aKA
650 2 4 _aEBOOK
651 4 _aUnited Kingdom
_y
690 _aBUILT ENVIRONMENT-BUILDING MATERIALS-TIMBER
690 _aBUILT ENVIRONMENT-CONSTRUCTION DESIGN
700 1 _aKermani, Abdy
856 4 8 _uhttps://www.vlebooks.com/
_zView on VLEbooks. Logins for members only from [email protected]
942 _n0
999 _c106066
_d106066